| 000 | 00350nam a2200121Ia 4500 | ||
|---|---|---|---|
| 008 | 250110s9999 xx 000 0 und d | ||
| 041 | _aeng | ||
| 100 |
_aThuse Ketki _9182650 |
||
| 245 | _aResort In Konkan Vijaydurga Village Maharashtra | ||
| 260 |
_bFinal Year B.Arch ID, Pune _c2014 |
||
| 300 | _a70p | ||
| 700 |
_aGuide Name:Murugkar Kavita _9210325 |
||
| 999 |
_c363517 _d363517 |
||